Zwyciezcy ligi mistrzów - Statystyki

Ogólne statystyki
  • Ten quiz został rozwiązany 43 razy
  • Średni wynik to 17 z 24
Statystyki odpowiedzi
Hint Odpowiedź % Poprawnych
15 razy Real Madryt
100%
6 razy Bayern Monachium
95%
5 razy FC Barcelona
95%
7 razy AC Milan
92%
3 razy Manchester United
92%
1 raz Borussia Dortmund
90%
3 razy Inter Mediolan
85%
2 razy Juventus
85%
6 razy Liverpool
85%
1 raz Manchester City
85%
2 razy FC Porto
82%
4 razy Ajax Amsterdam
79%
2 razy Chelsea
77%
2 razy Benfica
74%
1 raz Paris Saint Germain
72%
1 raz Crvena zvezda
59%
2 razy Nottingham Forest
59%
1 raz Olympique Marsylia
56%
1 raz Aston Villa
51%
1 raz Celtic
51%
1 raz PSV Eindhoven
49%
1 raz Hamburger SV
44%
1 raz Feyenoord
41%
1 raz FCSB
33%
Nie znaleziono quizów pasujących do podanych kryteriów
Rozkład punktacji
Procent ludzi z każdym wynikiem
Percentyl według liczby udzielonych odpowiedzi
Twoja historia wyników
Nie rozwiązałeś tego quizu